000 00380pab a2200157 454500
008 180718b1996 xxu||||| |||| 00| 0 eng d
100 _aDewhirst, Dudley
245 _aNeeded: a new model for training project managers
260 _c1996
300 _ap.25-27
362 _aNov
650 _aProject management
650 _aTraining
773 _aPM Network
909 _a33032
999 _c33032
_d33032